000 00478nam a2200181Ia 4500
005 20250326124014.0
008 250326s9999 xx 000 0 und d
037 _aTextbook
040 _aFMSL
_beng
_cFMSL
041 _aeng
_2eng
084 _aX K8
_qFMSL
100 _aSmith H
245 0 _aProspect of political economy
_cSmith H
260 _aLondon
_bLondon, George Allen And Unwin
_c1968
300 _a314p
942 _cTB
_hX K8
999 _c1271856
_d1271856